000 00574nam a2200205Ia 4500
001 18715
003 GE_BSU
008 181216s||||||||xx |||||||||||||| ||und||
040 _cGE_BSU
245 _aАзия и Африка сегодня. № 9. 2016
245 _cГл.ред.Васильев А.В.
260 _aМосква
260 _bНаука
260 _c2016
300 _a80стр,ил,29см
520 _aЕжемесячный научный журнал
653 _aАзия и Африка
653 _aპერიოდიკა
942 _cCR
999 _c51723
_d51723